000
00205 a2200097 4500
001
35151
100
_a
A R E
245
_a
Gen Akhtar Abdur Rehman
260
_a
Lahore
_b
Jang Pub
_c
090
_c
23295
_d
23295
942
_a
NUST-CAE
_c
M
_c
14775
999
_c
270224
_d
270224